| 000 | 00532nam a2200205 a 4500 | ||
|---|---|---|---|
| 005 | 20210219153359.0 | ||
| 008 | 991125n 000 0 u | ||
| 035 | _aUPN01000095356 | ||
| 100 | _aRAJA GANESAN, D. | ||
| 222 | _aEDUCADORES DEL MUNDO | ||
| 245 | _aUn punto de vista de la India : ¿Es que una maestra debe casarse con un maestro? | ||
| 300 | _a31 | ||
| 362 | _a1990 No. 2 | ||
| 653 | 0 | _aFAMILIA | |
| 653 | 0 | _aINDIA | |
| 653 | 0 | _aMAESTROS | |
| 653 | 0 | _aMATRIMONIO | |
| 904 |
_aAC _b033167 |
||
| 905 | _aArticulo | ||
| 999 |
_c75454 _d75454 |
||